| 000 | 00677nam a2200181 4500 | ||
|---|---|---|---|
| 001 | 132129 | ||
| 003 | ES-MaACL | ||
| 007 | t| | ||
| 008 | 070214s1968 mx r ||||1| spa d | ||
| 245 | 0 | 0 |
_aHistoria general del arte mexicano / _cdirector de la obra Pedro Rojas. |
| 260 |
_aMéxico : _bHermes, _c1968. |
||
| 300 |
_a6 v. ; _c17 cm. |
||
| 505 | 8 | _aContiene: Tomo I-II. Epoca prehispánica por Raúl F. Guerrero. Tomo II-IV. Epoca colonial por Pedro Rojas. Tomo V-VI. Epoca moderna y contemporánea por Raquel Tibol. | |
| 700 | 1 |
_aRojas, Pedro. _999054 |
|
| 700 | 1 |
_aGuerrero, Raúl F. _960564 |
|
| 700 | 1 |
_aTibol, Raquel. _9110209 |
|
| 852 |
_aES-MaACL _jE-5509-14 _bR.89485 |
||
| 999 |
_c132129 _d132129 |
||